[Event "US Chess League 2011"]
[Site "ICC INT"]
[Date "2011.10.11"]
[Round "7"]
[White "Perelshteyn,E"]
[Black "Erenburg,S"]
[Result "1/2-1/2"]
[WhiteElo "2534"]
[BlackElo "2616"]

1.d4 d5 2.c4 c6 3.Nc3 Nf6 4.e3 e6 5.Nf3 a6 6.b3 Bb4 7.Bd2 Nbd7 8.Bd3 O-O
9.O-O Bd6 10.Re1 e5 11.cxd5 cxd5 12.e4 exd4 13.Nxd5 Nxd5 14.exd5 Nf6 15.Bg5 h6
16.Bxf6 Qxf6 17.Re4 Bd7 18.Nxd4 Rfe8 19.Qf3 Qxf3 20.Nxf3 Rxe4 21.Bxe4 Re8
22.Bd3 Bg4 23.Nd2 Be2 24.Nc4 Bxh2+ 25.Kxh2 Bxd3 26.Nb6 Rd8 27.Rc1 Rd6 28.Nc8 Rd8
29.Nb6 Rd6 30.Nc8 Rd8 31.a4 a5 32.Rc5 Kf8 33.Nb6 Rd6 34.Rc8+ Ke7 35.Rc7+ Kd8
36.Rc8+ Ke7 37.Rc7+ Kd8 38.Rc8+ Ke7  1/2-1/2

[Event "12th Karpov Int"]
[Site "Poikovsky RUS"]
[Date "2011.10.11"]
[Round "7"]
[White "Bacrot,E"]
[Black "Bruzon Batista,L"]
[Result "1/2-1/2"]
[WhiteElo "2705"]
[BlackElo "2682"]

1.d4 d5 2.c4 c6 3.Nc3 Nf6 4.e3 e6 5.Nf3 Nbd7 6.Qc2 b6 7.Bd3 Bb7 8.e4 dxe4
9.Nxe4 Bb4+ 10.Bd2 Bxd2+ 11.Nfxd2 Nxe4 12.Bxe4 Nf6 13.Nb3 Qc7 14.Bf3 c5 15.Bxb7  1/2-1/2

[Event "12th Karpov Int"]
[Site "Poikovsky RUS"]
[Date "2011.10.11"]
[Round "7"]
[White "Onischuk,Al"]
[Black "Jakovenko,D"]
[Result "1/2-1/2"]
[WhiteElo "2669"]
[BlackElo "2716"]

1.d4 d5 2.c4 c6 3.Nc3 Nf6 4.e3 e6 5.Nf3 Nbd7 6.Qc2 Bd6 7.Be2 O-O 8.O-O dxc4
9.Bxc4 b5 10.Be2 Bb7 11.Rd1 Qc7 12.e4 e5 13.Bg5 exd4 14.Rxd4 Ne5 15.Bxf6 gxf6
16.g3 Nxf3+ 17.Bxf3 Be5 18.Rd2 Rad8 19.Rad1 Bc8 20.Ne2 c5 21.Rxd8 Rxd8 22.Rxd8+ Qxd8
23.Qxc5 Bh3 24.Nf4 Bxf4 25.Qh5 Qd3 26.Qxh3 Qxf3 27.Qc8+ Kg7 28.gxf4 Qxe4
29.Qg4+ Qg6 30.f3 h5 31.Qxg6+ Kxg6 32.b4 Kf5 33.Kf2 Kxf4 34.Ke2  1/2-1/2

[Event "20th TCh-CRO 1b"]
[Site "Sibenik CRO"]
[Date "2011.10.11"]
[Round "8.1"]
[White "Berczes,D"]
[Black "Ragger,M"]
[Result "0-1"]
[WhiteElo "2557"]
[BlackElo "2655"]

1.d4 d5 2.c4 c6 3.Nc3 Nf6 4.e3 e6 5.Nf3 Nbd7 6.Bd3 dxc4 7.Bxc4 b5 8.Bd3 Bb7
9.O-O a6 10.e4 c5 11.d5 c4 12.Bc2 Qc7 13.dxe6 fxe6 14.Ne2 Nc5 15.Bf4 Qb6
16.Be3 Rd8 17.Qe1 Qc7 18.b4 Ncxe4 19.a4 e5 20.axb5 axb5 21.Ra7 Qb8 22.Qa1 Bd6
23.Bxe4 Bxe4 24.Ng5 O-O 25.Ne6 Qc8 26.Nxf8 Rxf8 27.Ng3 Bd3 28.Rd1 Ng4 29.Qa6 Nxe3
30.fxe3 Qxa6 31.Rxa6 Bxb4 32.Rb6 Bc5 33.Rxb5 Bxe3+ 34.Kh1 e4 35.Nf5 Bf2 36.Ne7+ Kh8
37.Rf5 Rxf5 38.Nxf5 g6 39.Ng3 c3 40.Ra1 c2  0-1

[Event "TCh-MNE 1st League"]
[Site "Tivat MNE"]
[Date "2011.10.11"]
[Round "4.1"]
[White "Damljanovic,B"]
[Black "Nikcevic,N"]
[Result "1-0"]
[WhiteElo "2607"]
[BlackElo "2412"]

1.d4 Nf6 2.c4 c6 3.Nc3 d5 4.e3 e6 5.Nf3 Nbd7 6.Qc2 a6 7.c5 g6 8.b4 Bg7 9.Bb2 O-O
10.h3 Qe7 11.Bd3 e5 12.dxe5 Nxe5 13.Nxe5 Qxe5 14.O-O Qe7 15.Rae1 a5 16.a3 axb4
17.axb4 Nh5 18.Ne2 Re8 19.Ra1 Bd7 20.Rfb1 Qg5 21.Kf1 Qh4 22.Bxg7 Nxg7 23.Nd4 Ne6
24.Nf3 Qf6 25.Rxa8 Rxa8 26.Qb2 Kg7 27.Ne5 Be8 28.g3 h5 29.h4 Kh7 30.Kg2 Qe7
31.Nf3 Kg8 32.Re1 Bd7 33.e4 dxe4 34.Rxe4 Qf8 35.Bc4 Re8 36.Ne5 Bc8 37.Qd2 Qg7
38.Qe2 Qf6 39.Ba2 Rd8 40.Nxf7 Kxf7 41.Rf4 Qxf4 42.gxf4 Ke7 43.Qe5 Rd2 44.Bc4 Rd1
45.Kh2 Bd7 46.f3 Bc8 47.Kg3 Bd7 48.Kh2 Rc1 49.Qd6+ Kf6 50.Bd3 Be8 51.Qe5+ Ke7
52.f5 gxf5 53.Bxf5 Bf7 54.f4  1-0

[Event "49th ch-IND NatA"]
[Site "Aurangabad IND"]
[Date "2011.10.12"]
[Round "4"]
[White "Neelotpal,D"]
[Black "Gopal,G"]
[Result "0-1"]
[WhiteElo "2458"]
[BlackElo "2572"]

1.d4 d5 2.c4 c6 3.Nc3 Nf6 4.e3 e6 5.Nf3 Nbd7 6.Bd3 dxc4 7.Bxc4 b5 8.Be2 Bb7
9.O-O Be7 10.e4 b4 11.e5 bxc3 12.exf6 Bxf6 13.bxc3 c5 14.dxc5 O-O 15.Ba3 Be7
16.Qd4 Qc7 17.Rab1 Rab8  0-1

[Event "49th ch-IND NatA"]
[Site "Aurangabad IND"]
[Date "2011.10.12"]
[Round "4"]
[White "Sethuraman,S"]
[Black "Ashwin,J"]
[Result "1-0"]
[WhiteElo "2529"]
[BlackElo "2473"]

1.d4 d5 2.c4 c6 3.Nc3 Nf6 4.e3 e6 5.Nf3 Nbd7 6.Qc2 Bd6 7.Bd3 O-O 8.O-O dxc4
9.Bxc4 b5 10.Bd3 Bb7 11.e4 e5 12.dxe5 Nxe5 13.Nxe5 Bxe5 14.h3 Re8 15.Be3 a6
16.Rad1 Qc7 17.f4 Bxc3 18.bxc3 c5 19.e5 c4 20.Bf5 g6 21.Bd4 gxf5 22.exf6 Be4
23.Qf2 Kh8 24.g4 Bb7 25.Kh2 Qc6 26.Rde1 Rxe1 27.Rxe1 Re8 28.Re7 fxg4 29.hxg4 Kg8
30.Qe2 Rf8 31.Kg3 a5 32.a3 Ba8 33.g5 b4 34.axb4 axb4 35.cxb4 c3 36.b5 Qc8
37.g6 hxg6 38.Qh2 Qf5 39.Qh6 Qd3+ 40.Be3  1-0

[Event "12th Karpov Int"]
[Site "Poikovsky RUS"]
[Date "2011.10.12"]
[Round "8"]
[White "Bacrot,E"]
[Black "Rublevsky,S"]
[Result "1/2-1/2"]
[WhiteElo "2705"]
[BlackElo "2681"]

1.d4 d5 2.c4 c6 3.Nc3 Nf6 4.e3 e6 5.Nf3 a6 6.b3 Bb4 7.Bd2 Nbd7 8.Bd3 O-O
9.O-O Bd6 10.Re1 h6 11.e4 dxc4 12.bxc4 e5 13.c5 Bc7 14.Qc2 exd4 15.Ne2 Ng4
16.Nexd4 Nde5 17.h3 Nxd3 18.Qxd3 Ne5 19.Nxe5 Bxe5 20.Be3 Qf6 21.Rad1 Rd8
22.Qc4 Bc7 23.Qc2 Qg6 24.Kf1 Bd7 25.f4 Qf6 26.f5 b6 27.Nf3 bxc5 28.Bxc5 Bg3
29.Bd4 Qe7 30.Bc5 Qf6 31.Bf2 Bxf2 32.Kxf2 Qe7 33.e5 Be8 34.Qc3 c5 35.f6 Qe6
36.Qxc5 gxf6 37.Rd6 Rxd6 38.exd6 Qxa2+ 39.Re2 Qa4 40.Qf5 Kg7 41.Re7 Rd8 42.d7 Bxd7
43.Qd5 Qc2+ 44.Kg1 Qxg2+ 45.Kxg2 Bxh3+ 46.Kxh3 Rxd5 47.Ra7 Ra5 48.Nd4 Kg6
49.Nc6 Ra3+ 50.Kh4 Ra4+ 51.Kh3 h5  1/2-1/2

[Event "ch-UKR w 2011"]
[Site "Poltava UKR"]
[Date "2011.10.12"]
[Round "6.10"]
[White "Bakuta,N"]
[Black "Motsar,Irina"]
[Result "0-1"]
[WhiteElo "1794"]
[BlackElo "2145"]

1.d4 d5 2.c4 c6 3.Nf3 Nf6 4.e3 e6 5.Nc3 Nbd7 6.Bd3 dxc4 7.Bxc4 b5 8.Bd3 a6
9.O-O c5 10.Qe2 Bb7 11.Rd1 Qc7 12.e4 cxd4 13.Nxd4 Bc5 14.Nb3 Bb6 15.Be3 Bxe3
16.Qxe3 Ng4 17.Qh3 h5 18.Rac1 Qb6 19.Qg3 Nde5 20.Bb1 h4 21.Qf4 g5 22.Qd2 h3
23.Qd4 Qxd4 24.Nxd4 hxg2 25.f3 Ne3 26.Re1 N3c4 27.b3 Na3 28.Kxg2 Nxb1 29.Rxb1 Rc8
30.Nce2 g4 31.Ng3 gxf3+ 32.Nxf3 Rc2+ 33.Re2 Rxe2+ 34.Nxe2 Bxe4  0-1

[Event "TCh-MNE 1st League"]
[Site "Tivat MNE"]
[Date "2011.10.12"]
[Round "5.2"]
[White "Drasko,M"]
[Black "Pecurica,M"]
[Result "1-0"]
[WhiteElo "2478"]
[BlackElo "2149"]

1.d4 d5 2.c4 c6 3.Nc3 Nf6 4.e3 e6 5.Nf3 Nbd7 6.Qc2 Bd6 7.b3 O-O 8.Be2 b6
9.O-O Bb7 10.Bb2 Qe7 11.Rfd1 Rfd8 12.Rac1 Rac8 13.g3 Bb4 14.Qb1 c5 15.cxd5 exd5
16.Nh4 g6 17.a3 Bxc3 18.Rxc3 Ne4 19.Rc2 c4 20.bxc4 Ng5 21.c5 bxc5 22.Nf3 Nxf3+
23.Bxf3 c4 24.Bc3 Nf6 25.Qb4 Qxb4 26.Bxb4 Rd7 27.Rb2 Bc6 28.Ba5 Ne4 29.Rdb1 Re7
30.Rb8 Ree8 31.Rxc8 Rxc8 32.Bd1 f5 33.f3 Nd6 34.Bc2 Kf7 35.a4 Ke6 36.Bc3 Rc7
37.Kf2 Rb7 38.Rxb7 Nxb7 39.h3 Nd6 40.g4 a6 41.Bb4 Ne8 42.gxf5+ gxf5 43.Kg3 Kf6
44.Ba5 Ng7 45.Bc7 Ne6 46.Be5+ Kg6 47.h4 Ng7 48.Kf2 Kf7 49.Ke2 Bd7 50.Kd2 Ne6
51.Kc3 Nd8 52.Kb4 Nb7 53.Bc7 Ke6 54.e4 fxe4 55.fxe4 Bc6 56.e5 h6 57.Bh7 Be8
58.a5 Bf7 59.Bb1 Ke7 60.Bb6 Ke6 61.Bh7 Bh5 62.Bc2 Be8 63.Kc3 Bd7 64.Kd2 Be8
65.Ke3 Bd7 66.Bd1 Ke7 67.Bf3 Be6 68.Kd2 Kd7 69.Kc3 Ke7 70.Kb4 Kd7 71.Bd1 Ke7
72.Bc5+ Ke8 73.Bb6 Ke7 74.Bc2 Bd7 75.Bc5+ Kf7 76.Ba7 Ke7 77.Bg6 Be6 78.Bc5+ Nxc5
79.Kxc5 Kd7 80.Kb6 Bg4 81.Bc2 Be2 82.Ba4+ Kc8 83.Kxa6 Kc7 84.Kb5 Bd3 85.Kb4 Bf5
86.Kc5 c3 87.Kxd5 c2 88.Bxc2 Bxc2 89.Kc5 Bd3 90.e6 Kd8 91.Kd6 Ke8 92.d5 Ba6
93.Kc7  1-0

[Event "TCh-MNE 1st League"]
[Site "Tivat MNE"]
[Date "2011.10.12"]
[Round "5.5"]
[White "Tadic,Br"]
[Black "Milanovic,Sla"]
[Result "1/2-1/2"]
[WhiteElo "2486"]
[BlackElo "2411"]

1.d4 d5 2.c4 c6 3.Nf3 Nf6 4.Nc3 e6 5.e3 Nbd7 6.Qc2 Bd6 7.Be2 O-O 8.O-O Qe7
9.Rd1 dxc4 10.Bxc4 e5 11.h3  1/2-1/2

[Event "49th ch-IND NatA"]
[Site "Aurangabad IND"]
[Date "2011.10.13"]
[Round "5"]
[White "Kamble,V"]
[Black "Swathi,G"]
[Result "1-0"]
[WhiteElo "2449"]
[BlackElo "2278"]

1.d4 d5 2.c4 c6 3.Nf3 Nf6 4.Nc3 e6 5.e3 Nbd7 6.Qc2 dxc4 7.Bxc4 b5 8.Bd3 Bd6
9.O-O Bb7 10.e4 e5 11.Bg5 O-O 12.dxe5 Bxe5 13.Rad1 Qe7 14.Ne2 h6 15.Bh4 Rfe8
16.Ned4 Qf8 17.Nxe5 Rxe5 18.f4 Ree8 19.Nf5 c5 20.e5 c4 21.exf6 Qc5+ 22.Bf2 Qc6
23.Bd4 cxd3 24.Qxc6 Bxc6 25.Ne7+ Rxe7 26.fxe7 Be4 27.Rfe1 f5 28.Rxd3 Re8
29.Ra3 Rxe7 30.Rxa7  1-0

[Event "II Oliver Gonzalez Memorial"]
[Site "Madrid ESP"]
[Date "2011.10.13"]
[Round "6.6"]
[White "Pogorelov,R"]
[Black "Khamrakulov,I"]
[Result "0-1"]
[WhiteElo "2401"]
[BlackElo "2504"]

1.Nf3 Nf6 2.c4 e6 3.Nc3 d5 4.d4 c6 5.e3 Nbd7 6.Qc2 Bd6 7.b3 e5 8.cxd5 cxd5
9.Nb5 Bb4+ 10.Bd2 Bxd2+ 11.Qxd2 Ne4 12.Qb4 a6 13.Nd6+ Nxd6 14.Qxd6 Qa5+ 15.Kd1 e4
16.Nd2 Nf6 17.h3 Be6 18.a4 Rd8 19.Qa3 Rc8 20.b4 Qc7 21.Rc1 Qd6 22.Rxc8+ Bxc8
23.Nb3 O-O 24.Kd2 Ne8 25.Be2 Qf6 26.Rc1 Nd6 27.Ke1 Qg6 28.Bf1 f5 29.Nd2 f4
30.exf4 Rxf4 31.Qg3 Qh6 32.Rc7 Rf8 33.Be2 Re8 34.Nf1 Qf6 35.Ne3 Nf5 36.Nxf5 Bxf5
37.Qf4 Qb6 38.b5 Bg6 39.Rc5 Qa5+ 40.Qd2 Qxa4 41.bxa6 bxa6 42.Ra5 Qb3 43.Rxa6 Rc8
44.Ra1 h6 45.Rc1 Ra8 46.Bd1 Qb8 47.g3 Bf5 48.h4 Bh3 49.Rc5 Ra1 50.Rc1 Ra3
51.Rc3 Ra1 52.Rc1 Ra6 53.Rc3 Kh7 54.Be2 Ra1+ 55.Rc1 Ra3 56.Rc3 Ra4 57.Rc1 Qb6
58.Rd1 Rb4 59.Qc3 Ra4 60.Rd2 Qf6 61.Qe3 Bg2 62.Rd1 Qd6 63.Qc3 Qe6 64.Qb3 Ra5
65.Qc3 Qb6 66.Ra1 Rxa1+ 67.Qxa1 Qb4+ 68.Kd1 Bh3 69.Kc2 Bf5 70.Kd1 Bd7 71.Bf1 Ba4+
72.Ke2 Bb5+ 73.Ke3 Bxf1 74.Qxf1 Qc3+ 75.Kf4 Qxd4 76.Kf5 Qf6+ 77.Kg4 Qf3+
78.Kh3 d4 79.Qe1 d3 80.Qd2 Kh8 81.Kh2 h5 82.Qb2 e3 83.Qb8+ Kh7 84.fxe3 d2
85.Qb1+ g6  0-1

[Event "49th ch-IND NatA"]
[Site "Aurangabad IND"]
[Date "2011.10.14"]
[Round "6"]
[White "Sethuraman,S"]
[Black "Sengupta,D"]
[Result "1/2-1/2"]
[WhiteElo "2529"]
[BlackElo "2572"]

1.d4 d5 2.c4 e6 3.Nf3 c6 4.e3 Nf6 5.Nc3 Nbd7 6.Qc2 Bd6 7.Bd3 O-O 8.O-O dxc4
9.Bxc4 a6 10.Rd1 c5 11.Ne4 Nxe4 12.Qxe4 Qe7 13.Bd3 f5 14.Qh4 Qxh4 15.Nxh4 cxd4
16.Bc4 Ne5 17.Bb3 Nc6 18.Nf3 Na5 19.Nxd4 Nxb3 20.Nxb3 Be5 21.e4 Bf6 22.Bf4 fxe4
23.Bd6 Rf7 24.Nc5 Bd7 25.Nxe4 Bxb2 26.Rab1 Ba4 27.Re1 Bf6 28.Nxf6+ gxf6 29.Rxe6 Re8
30.Rxe8+ Bxe8 31.Re1 Bc6 32.Re7 Rxe7 33.Bxe7  1/2-1/2

[Event "TCh-ROU Superliga 2011"]
[Site "Brasov ROU"]
[Date "2011.10.14"]
[Round "7.2"]
[White "Anton,T"]
[Black "Hajbok,R"]
[Result "1/2-1/2"]
[WhiteElo "2382"]
[BlackElo "2272"]

1.Nf3 d5 2.c4 c6 3.e3 Nf6 4.Nc3 e6 5.d4 Nbd7 6.Qc2 Bd6 7.g4 h6 8.Rg1 e5 9.cxd5 cxd5
10.dxe5 Nxe5 11.Nxe5 Bxe5 12.g5 hxg5 13.Rxg5 Nd7 14.f4 Bf6 15.Rxd5 Bxc3+
16.bxc3 Qh4+ 17.Qf2 Qxf2+ 18.Kxf2 Rxh2+ 19.Kg3 Rc2 20.Rh5 Nf6 21.Rh8+ Kd7
22.Bg2 Kc7 23.Bf3 Rb8 24.Ba3 Rd2 25.Bf8 Bf5 26.Bxg7 Rxh8 27.Bxh8 Ne4+ 28.Bxe4 Bxe4
29.Bd4 f5 30.a4 Rg2+ 31.Kh4 a6 32.a5 Kd6 33.Ra4 Ke6 34.Rc4 Kd7 35.Be5 Ke6
36.Rc5 Kd7 37.Rc7+ Ke6 38.Rc8 Kd7 39.Rc5 Ke6 40.Bd4 Kd7 41.Kh3 Ke6 42.Re5+ Kf7
43.Kh4 Rg1 44.Kh3 Rh1+ 45.Kg3 Rg1+ 46.Kf2 Rg2+ 47.Kf1 Ra2 48.Ke1 Kg6 49.Kd1 Kh5
50.Bb6 Kg4 51.Re7 Kf3 52.c4 Rh2 53.Re5 Bc2+ 54.Kc1 Be4 55.Rc5 Ke2 56.Kb2 Kd3+
57.Kb3 Rh1 58.Rc7 Rb1+ 59.Ka2 Kc2 60.Rh7 Rb2+ 61.Ka3 Rb3+ 62.Ka2 Rb4 63.Ka3 Kc3
64.Rh2 Rb3+ 65.Ka2 Bb1+ 66.Ka1 Bd3 67.Rb2 Rxb2 68.Bd4+ Kxc4 69.Kxb2  1/2-1/2

[Event "Indonesia Open"]
[Site "Jakarta INA"]
[Date "2011.10.14"]
[Round "3.11"]
[White "Jafar,Sofyan"]
[Black "Shabalov,A"]
[Result "0-1"]
[WhiteElo "2195"]
[BlackElo "2529"]

1.d4 d5 2.c4 c6 3.Nf3 Nf6 4.e3 e6 5.Nc3 Nbd7 6.Bd3 dxc4 7.Bxc4 b5 8.Bd3 Bd6
9.O-O O-O 10.a3 Bb7 11.Ne4 Nxe4 12.Bxe4 Qe7 13.b4 a5 14.Bd2 axb4 15.axb4 Nf6
16.Bd3 Bxb4 17.Bxb4 Qxb4 18.Qc2 h6 19.Ne5 Qd6 20.Rfc1 Rxa1 21.Rxa1 Rc8 22.Ra7 Rc7
23.Qb1 Nd5 24.h4 f6 25.Bh7+ Kh8 26.Nd3 Kxh7 27.Nc5+ f5 28.Rxb7 Rxb7 29.Nxb7 Qe7
30.Nc5 Qxh4 31.Nxe6 Qe4 32.Qxe4 fxe4 33.Nc5 Nc3 34.Na6 Na4 35.Kh2 Kg6 36.Kg3 Kf5
37.Kh4 g6 38.Kg3 g5 39.f3 h5 40.Nb4 c5 41.dxc5 Nxc5 42.Nc2 Ne6 43.Kf2 Ke5
44.Na3 b4 45.Nc4+ Kd5 46.Nd2 Nc5 47.Ke2 h4 48.Kf1 exf3 49.gxf3 b3 50.Kg2 b2
51.Kh3 Nd3 52.f4 Nf2+ 53.Kg2 Ne4 54.Nb1 g4 55.Na3 Nd2  0-1

[Event "II Oliver Gonzalez Memorial"]
[Site "Madrid ESP"]
[Date "2011.10.14"]
[Round "7.13"]
[White "Rubio Mejia,L"]
[Black "Dominguez Carmona,M"]
[Result "1-0"]
[WhiteElo "2433"]
[BlackElo "2087"]

1.d4 d5 2.c4 c6 3.Nc3 e6 4.e3 Nf6 5.Nf3 Nbd7 6.Qc2 b6 7.b3 Bb7 8.Bd3 c5 9.cxd5 Nxd5
10.Nxd5 Bxd5 11.e4 Bb7 12.O-O cxd4 13.Nxd4 Rc8 14.Qe2 Be7 15.Bb2 Bf6 16.Rad1 O-O
17.e5 Bxe5 18.Nxe6 fxe6 19.Bxe5 Qg5 20.f4 Qh6 21.Bc4 Nxe5 22.Qxe5 Bd5 23.Bxd5 exd5
24.Qxd5+ Kh8 25.Rd2 Qh4 26.Qb7 Rce8 27.g3 Qe7 28.Qxe7 Rxe7 29.Rfd1 Kg8 30.Kf2 Rfe8
31.Rd8 Rxd8 32.Rxd8+ Kf7 33.Kf3 h6 34.Kg4 g6 35.h3 Rc7 36.Rh8 Kg7 37.Ra8 Rd7
38.b4 Kf6 39.Rc8 Kg7 40.Rc6 Rf7 41.Rd6 h5+ 42.Kh4 Kh6 43.a4 Kg7 44.a5 bxa5
45.bxa5 Kh6 46.a6 Kg7 47.Rd8 Kf6 48.g4 hxg4 49.hxg4 Rh7+ 50.Kg3 Rc7 51.Rd6+ Kf7
52.Kh4 Kg7 53.Kg5 Rc5+ 54.f5 gxf5 55.gxf5 Rc7 56.Rd8  1-0

[Event "Schachbundesliga 2011-12"]
[Site "Muelheim GER"]
[Date "2011.10.14"]
[Round "1"]
[White "Maksimenko,An"]
[Black "Hansen,SuB"]
[Result "1/2-1/2"]
[WhiteElo "2553"]
[BlackElo "2566"]

1.Nf3 d5 2.c4 c6 3.e3 Nf6 4.Nc3 e6 5.d4 Nbd7 6.Qc2 b6 7.Be2 Bb7 8.O-O Be7
9.Rd1 Qc7 10.b3 O-O 11.Bb2 h6 12.Rac1 Rac8 13.Qb1 Qb8 14.e4 Nxe4 15.Nxe4 dxe4
16.Qxe4 Nf6 17.Qe3 Ng4 18.Qe4 Nf6 19.Qe3 Ng4 20.Qd3 Rcd8 21.h3 Nf6 22.Qe3 Bd6
23.Ne5 c5 24.Bd3 Qc7 25.Bc2 Rfe8 26.dxc5 Bxc5 27.Qe2 Qe7 28.Rb1  1/2-1/2

[Event "Chigorin Memorial Open"]
[Site "St Petersburg RUS"]
[Date "2011.10.14"]
[Round "1.88"]
[White "Girya,O"]
[Black "Kondratiev,D"]
[Result "1-0"]
[WhiteElo "2390"]
[BlackElo "1960"]

1.d4 d5 2.c4 c6 3.Nc3 Nf6 4.Nf3 e6 5.e3 Nbd7 6.Qc2 Bd6 7.b3 O-O 8.Be2 e5
9.cxd5 cxd5 10.Nb5 Bb4+ 11.Bd2 Bxd2+ 12.Nxd2 e4 13.a4 Ne8 14.O-O a6 15.Nc3 Qg5
16.f4 exf3 17.Rxf3 Ndf6 18.Raf1 Bg4 19.Rg3 h5 20.Rf4 Rc8 21.h3 Qh4 22.Kh2 g5
23.Rfxg4 hxg4 24.Bxg4 Rc6 25.Qd3 Nd6 26.Bf3 Kh8 27.Nxd5 Nxd5 28.Bxd5 Rc1
29.Rg4 Qf2 30.Nf3 f6 31.Qg6 Nf7 32.Bxf7 Rxf7 33.Qxf7 Rc6 34.Re4  1-0

[Event "Lichtenrader Autumn"]
[Site "Berlin GER"]
[Date "2011.10.15"]
[Round "8.1"]
[White "Teske,H"]
[Black "Graf,A"]
[Result "1/2-1/2"]
[WhiteElo "2547"]
[BlackElo "2628"]

1.Nf3 Nf6 2.c4 c6 3.Nc3 d5 4.e3 e6 5.d4 Nbd7 6.Bd3 Be7 7.O-O O-O 8.b3 b6
9.e4 dxe4 10.Nxe4 c5  1/2-1/2

[Event "Schachbundesliga 2011-12"]
[Site "Muelheim GER"]
[Date "2011.10.15"]
[Round "2"]
[White "Kraemer,Mart"]
[Black "Spoelman,W"]
[Result "1/2-1/2"]
[WhiteElo "2492"]
[BlackElo "2563"]

1.d4 d5 2.c4 c6 3.Nc3 e6 4.e3 Nf6 5.Nf3 Nbd7 6.Qc2 Bd6 7.Bd3 O-O 8.O-O dxc4
9.Bxc4 a6 10.Ng5 Qe7 11.Nce4 Nxe4 12.Nxe4 Bc7 13.Bd2 b6 14.Rac1 Bb7 15.b4 c5
16.Bd3 f5 17.Ng3 Bxg3 18.hxg3 cxd4 19.exd4 Rac8 20.Qb3 Qf7 21.Bc4 Bd5 22.Bxd5 exd5
23.b5 axb5 24.Qxb5 h6 25.Rfe1 Rxc1 26.Rxc1 Ra8 27.a4 Nf6 28.Bf4 Qe6 29.Be5 Ra5
30.Qc6 Qxc6 31.Rxc6 Ng4 32.f3 Nxe5 33.dxe5 Rxa4 34.Rxb6 Kf7 35.Rd6 Rd4 36.Kf2 Rd2+
37.Ke3 Rxg2 38.Kf4 Ke7 39.Rg6 Kf8 40.Kxf5 d4 41.Ke4 Kf7 42.Rg4 g5 43.f4 d3
44.Kxd3 gxf4 45.Rxf4+ Ke6 46.Ke4  1/2-1/2

[Event "Schachbundesliga 2011-12"]
[Site "Muelheim GER"]
[Date "2011.10.15"]
[Round "2"]
[White "Golod,V"]
[Black "Nielsen,PH"]
[Result "1/2-1/2"]
[WhiteElo "2579"]
[BlackElo "2687"]

1.d4 d5 2.c4 e6 3.Nf3 Nf6 4.Nc3 c6 5.e3 Nbd7 6.Qc2 Bd6 7.Bd3 O-O 8.O-O dxc4
9.Bxc4 b5 10.Be2 Bb7 11.Rd1 Qc7 12.e4 e5 13.Bg5 exd4 14.Rxd4 Ne5 15.Bxf6 gxf6
16.g3 Bc5 17.Rd2 Qb6 18.Rf1 Ng4 19.Nd1 Rad8 20.Nh4 Bc8 21.Nf5 Bxf5 22.exf5 Ne5
23.Rxd8 Rxd8 24.Nc3 Bd4 25.Ne4 c5 26.b3 Qc6 27.Kg2 c4 28.bxc4 bxc4 29.Rd1 c3
30.Kh3 Kg7 31.Nxc3 h5 32.Rd2 Bb6 33.Nd1 Rxd2 34.Qxd2 Qe4 35.Ne3 Bxe3 36.Qxe3 Qxf5+
37.Kg2 Qc2 38.a3 Ng4 39.Bxg4 hxg4 40.Qxa7 Qc6+ 41.Kf1 Qc1+ 42.Ke2 Qc2+ 43.Ke3 Qc3+
44.Ke2 Qc2+ 45.Ke3  1/2-1/2

[Event "Schachbundesliga 2011-12"]
[Site "Muelheim GER"]
[Date "2011.10.15"]
[Round "2"]
[White "Schneider,Il"]
[Black "Hector,J"]
[Result "1/2-1/2"]
[WhiteElo "2472"]
[BlackElo "2575"]

1.d4 d5 2.c4 c6 3.Nc3 Nf6 4.e3 e6 5.Nf3 Nbd7 6.Qc2 b6 7.Be2 Bb7 8.O-O Be7
9.b3 Rc8 10.Bb2 O-O 11.e4 dxe4 12.Nxe4 c5 13.Nxf6+ Nxf6 14.Rad1 Be4 15.Qc1 Qc7
16.Qe3 Rfd8 17.h3 Bd6 18.dxc5 Bxc5 19.Be5 Bxe3 20.Bxc7 Rxd1 21.Rxd1 Bc2 22.Rd8+ Rxd8
23.Bxd8 Bc5 24.Bxf6 gxf6 25.Ne1 Bb1 26.a4 Be4 27.Bf3 Bg6 28.Bd1 Bb4 29.Kf1 Kf8
30.Bc2 f5 31.Nf3 Bc3 32.g4 fxg4 33.Bxg6 fxg6 34.hxg4 h5 35.Ke2 Kf7 36.Kd3 Bb4
37.gxh5 gxh5 38.Ne5+ Kf6 39.Nc6 h4 40.Ke2 a5 41.Nxb4 axb4 42.Kf3 Kf5 43.Kg2 Kf4
44.c5 bxc5 45.a5 c4 46.bxc4 b3 47.a6 b2 48.a7 b1=Q 49.a8=Q Qg6+ 50.Kh2 Qf6
51.Qa3 Qe5 52.Qd3 Qe4 53.Qe3+ Qxe3 54.fxe3+ Ke5 55.Kh3 Kd6 56.Kxh4 Kc5 57.Kg5 Kxc4
58.Kf6 Kd5 59.e4+ Kd6 60.Kf7 Ke5  1/2-1/2

[Event "Chigorin Memorial Open"]
[Site "St Petersburg RUS"]
[Date "2011.10.15"]
[Round "2.40"]
[White "Demianjuk,A"]
[Black "Obolenskikh,D"]
[Result "1/2-1/2"]
[WhiteElo "2319"]
[BlackElo "2500"]

1.d4 d5 2.c4 e6 3.Nc3 c6 4.e3 Nf6 5.Nf3 Nbd7 6.Bd3 dxc4 7.Bxc4 b5 8.Bd3 b4
9.Ne4 Nxe4 10.Bxe4 Bb7 11.O-O Bd6 12.a3 bxa3 13.Nd2 Nf6 14.Bf3 axb2 15.Bxb2 a5
16.Nc4 Bb4 17.Ba3 O-O 18.Qb3 Nd5 19.Nxa5 Qxa5 20.Bxb4 Qxb4 21.Bxd5 Qxb3 22.Bxb3 Rfc8
23.Rac1 Ra5 24.Rc3 e5 25.dxe5 Rxe5 26.Rd1 Kf8 27.Rcd3 Ba6 28.Rd6 Bb5 29.Rd7 Re7
30.Rd8+ Rxd8 31.Rxd8+ Re8 32.Rd7 Re7 33.Rd8+ Re8 34.Rd7 Re7 35.Rd8+  1/2-1/2

[Event "Chigorin Memorial Open"]
[Site "St Petersburg RUS"]
[Date "2011.10.15"]
[Round "2.44"]
[White "Vladimirov,Iva"]
[Black "Shinkevich,V"]
[Result "0-1"]
[WhiteElo "2310"]
[BlackElo "2480"]

1.d4 d5 2.c4 e6 3.Nf3 c6 4.e3 Nf6 5.Nc3 Nbd7 6.Qc2 b6 7.cxd5 exd5 8.Bd3 Be7
9.O-O O-O 10.Ne5 Bb7 11.f4 c5 12.Bf5 g6 13.Bh3 Nxe5 14.dxe5 Ne8 15.f5 Bg5
16.Rd1 Qe7 17.e6 gxf5 18.Qxf5 Ng7 19.exf7+ Rxf7 20.Nxd5 Nxf5 21.Nxe7+ Bxe7
22.Bxf5 Rxf5 23.e4 Bxe4 24.Re1 Bd3 25.g4 Rf7 26.Bh6 Bf8 27.Bg5 Rg7 28.Re5 h6  0-1

[Event "Chigorin Memorial Open"]
[Site "St Petersburg RUS"]
[Date "2011.10.15"]
[Round "2.74"]
[White "Bazeev,G"]
[Black "Khatenever,F"]
[Result "1-0"]
[WhiteElo "2291"]
[BlackElo "1864"]

1.d4 d5 2.c4 c6 3.Nc3 Nf6 4.Nf3 e6 5.e3 Be7 6.Bd3 O-O 7.O-O Nbd7 8.Qe2 Re8
9.Rd1 b6 10.e4 dxe4 11.Nxe4 Bb7 12.Bf4 Nxe4 13.Qxe4 g6 14.Qe2 Bf6 15.Bd6 Bg7
16.Rab1 a5 17.Bc2 Ba6 18.b3 Nf6 19.Be5 Qe7 20.Bd3 Bb7 21.Re1 Red8 22.Qb2 Ne8
23.Bxg7 Nxg7 24.Be4 Rab8 25.Qc1 f5 26.Bc2 Nh5 27.Qe3 Re8 28.Re2 Qc7 29.Ne5 Nf6
30.Rbe1 Rbd8 31.Qg5 Qg7 32.Qe3 Qc7 33.f3 c5 34.dxc5 bxc5 35.Rd2 Bc8 36.Red1 Rxd2
37.Rxd2 Nd7 38.Nxd7 Bxd7 39.f4 Re7 40.Bd1 h6 41.Bf3 Kh7 42.Rd5 a4 43.Qxc5 Bc6
44.Rd3 Be8 45.Qxc7 Rxc7 46.Rd6 Bf7 47.Ra6 axb3 48.axb3 Kg7 49.Bc6 g5 50.g3 Re7
51.b4 e5 52.c5 exf4 53.gxf4 Bc4 54.Ra1 Rc7 55.Bg2 gxf4 56.Rc1 Bb5 57.c6 Kf6
58.Rc5 Be2 59.Kf2 Bd3 60.b5 Ra7 61.c7 Ra2+ 62.Ke1 Rxg2 63.c8=Q f3 64.Qc6+  1-0

[Event "Chigorin Memorial Open"]
[Site "St Petersburg RUS"]
[Date "2011.10.15"]
[Round "2.97"]
[White "Platonova,L"]
[Black "Sukhareva,E"]
[Result "0-1"]
[WhiteElo "1901"]
[BlackElo "2213"]

1.c4 e6 2.Nc3 d5 3.d4 c6 4.e3 Nf6 5.Nf3 Nbd7 6.Bd3 dxc4 7.Bxc4 b5 8.Bb3 a6
9.O-O Bb7 10.Re1 c5 11.Bc2 Bd6 12.e4 cxd4 13.Nxd4 Qb8 14.h3 O-O 15.Bg5 h6
16.Bxf6 Nxf6 17.Qe2 Rd8 18.Rad1 Nd7 19.Bb1 Ne5 20.Qc2 Ng6 21.g3 Bc5 22.Nb3 Qxg3+  0-1

[Event "49th ch-IND NatA"]
[Site "Aurangabad IND"]
[Date "2011.10.16"]
[Round "8"]
[White "Bakre,T"]
[Black "Shyam,SM"]
[Result "1-0"]
[WhiteElo "2507"]
[BlackElo "2457"]

1.c4 c6 2.d4 d5 3.Nf3 Nf6 4.Nc3 e6 5.e3 Nbd7 6.Bd3 dxc4 7.Bxc4 b5 8.Bd3 Bd6
9.O-O O-O 10.Qc2 Bb7 11.Rd1 Qc7 12.Bd2 Rac8 13.b4 a6 14.Ne4 Nxe4 15.Bxe4 f5
16.Bd3 Nf6 17.Qb3 Nd5 18.e4 fxe4 19.Bxe4 Bf4 20.Bxf4 Qxf4 21.Re1 Rce8 22.Re2 c5
23.bxc5 Nc3 24.Qxc3 Bxe4 25.Ne5 Bd5 26.f3 Qh4 27.Rd1 Qd8 28.Qb4 Qc7 29.Re3 Ra8
30.Ra3 Rfb8 31.Ra5 Qe7 32.Rd3 Rd8 33.Qd2 Qb7 34.Qb4 Qe7 35.Rd1 Rdb8 36.Ra3 Qc7
37.Qa5 Qb7 38.Rb1 Qe7 39.c6 Qa7 40.Rd3 Rc8 41.Rc1 Rc7 42.Rc5 Qb8 43.a3 Raa7
44.Rd1 Qd8 45.Qd2 Ra8 46.Rdc1 h6 47.Qe3 Rac8 48.Nd7 Ra7 49.Ne5 Rac7 50.h3 Qd6
51.Qc3 Ra8 52.Kh1 Rd8 53.Qa5 Ra8 54.Qb4 Qf8 55.Qa5 Raa7 56.Qb6 Kh7 57.Nd7 Qf5
58.Qb8 Rxd7 59.cxd7 Rxd7 60.Qe5 Qxe5 61.dxe5 Bc4 62.Rc6 Ra7 63.Kg1 a5 64.Kf2 a4
65.Ke3 Rd7 66.Rd6 Rb7 67.f4 Bb3 68.Rd4 Bc4 69.g4 Rf7 70.Rcd1 Bd5 71.Rc1 Bc4
72.Rd6 Re7 73.Rcd1 Bd5 74.f5 b4 75.axb4 a3 76.Ra1 a2 77.Kd4 Bb3 78.fxe6 Rc7
79.Rd7 Rc4+ 80.Kd3 Kg6 81.e7 Kf7 82.Rf1+  1-0